LEADER 04100nam 22006374a 450 001 9910455956403321 005 20210618222454.0 010 $a0-520-92850-4 010 $a1-59734-984-4 024 7 $a10.1525/9780520928503 035 $a(CKB)111090860416154 035 $a(EBL)223887 035 $a(OCoLC)475929196 035 $a(SSID)ssj0000268854 035 $a(PQKBManifestationID)11192797 035 $a(PQKBTitleCode)TC0000268854 035 $a(PQKBWorkID)10237271 035 $a(PQKB)11362882 035 $a(StDuBDS)EDZ0000055900 035 $a(MiAaPQ)EBC223887 035 $a(DE-B1597)521079 035 $a(OCoLC)55890723 035 $a(DE-B1597)9780520928503 035 $a(Au-PeEL)EBL223887 035 $a(CaPaEBR)ebr10058863 035 $a(EXLCZ)99111090860416154 100 $a20020114d2002 uy 0 101 0 $aeng 135 $aurnn#---|u||u 181 $ctxt 182 $cc 183 $acr 200 10$aWandering, begging monks$b[electronic resource] $espiritual authority and the promotion of monasticism in late antiquity /$fDaniel Caner 210 $aBerkeley, Calif. $cUniversity of California Press$d2002 215 $a1 online resource (343 p.) 225 1 $aThe Transformation of the classical heritage ;$v33 300 $aDescription based upon print version of record. 311 0 $a0-520-23324-7 320 $aIncludes bibliographical references (p. 281-309) and index. 327 $tFront matter --$tContents --$tAcknowledgments --$tAbbreviations --$tIntroduction --$t1. Wandering in the Desert and the Virtues of Manual Labor --$t2. Apostolic Wanderers of Third-Century Syria --$t3. In Support of "People Who Pray": Apostolic Monasticism and the Messalian Controversy --$t4. Apostle and Heretic: The Controversial Career of Alexander the Sleepless --$t5. Hypocrites and Pseudomonks: Beggars, Bishops, and Ascetic Teachers in Cities of the Early Fifth Century --$t6. Monastic Patronage and the Two Churches of Constantinople --$tEpilogue --$tAppendix: The Life of Alexander Akoim?tos --$tSelect Bibliography --$tIndex 330 $aAn apostolic lifestyle characterized by total material renunciation, homelessness, and begging was practiced by monks throughout the Roman Empire in the fourth and fifth centuries. Such monks often served as spiritual advisors to urban aristocrats whose patronage gave them considerable authority and independence from episcopal control. This book is the first comprehensive study of this type of Christian poverty and the challenge it posed for episcopal authority and the promotion of monasticism in late antiquity. Focusing on devotional practices, Daniel Caner draws together diverse testimony from Egypt, Syria, Asia Minor, and elsewhere-including the Pseudo-Clementine Letters to Virgins, Augustine's On the Work of Monks, John Chrysostom's homilies, legal codes-to reveal gospel-inspired patterns of ascetic dependency and teaching from the third to the fifth centuries. Throughout, his point of departure is social and cultural history, especially the urban social history of the late Roman empire. He also introduces many charismatic individuals whose struggle to persist against church suppression of their chosen way of imitating Christ was fought with defiant conviction, and the book includes the first annotated English translation of the biography of Alexander Akoimetos (Alexander the Sleepless). Wandering, Begging Monks allows us to understand these fascinating figures of early Christianity in the full context of late Roman society. 410 0$aTransformation of the classical heritage ;$v33. 606 $aMonastic and religious life$xHistory$yEarly church, ca. 30-600 606 $aMessalians 608 $aElectronic books. 615 0$aMonastic and religious life$xHistory 615 0$aMessalians. 676 $a271/.009/015 700 $aCaner$b Daniel$01020853 801 0$bMiAaPQ 801 1$bMiAaPQ 801 2$bMiAaPQ 906 $aBOOK 912 $a9910455956403321 996 $aWandering, begging monks$92416371 997 $aUNINA LEADER 01948nam 2200541Ia 450 001 9910454158503321 005 20200520144314.0 010 $a981-4484-76-8 010 $a981-261-939-9 035 $a(CKB)1000000000578725 035 $a(EBL)433482 035 $a(OCoLC)609835255 035 $a(SSID)ssj0000828984 035 $a(PQKBManifestationID)11435901 035 $a(PQKBTitleCode)TC0000828984 035 $a(PQKBWorkID)10844371 035 $a(PQKB)11717792 035 $a(MiAaPQ)EBC433482 035 $a(PPN)170243087 035 $a(Au-PeEL)EBL433482 035 $a(CaPaEBR)ebr10515527 035 $a(EXLCZ)991000000000578725 100 $a20111102d2007 uy 0 101 0 $aeng 135 $aur|n|---||||| 181 $ctxt 182 $cc 183 $acr 200 10$aChinese strategists$b[electronic resource] $ebeyond Sun Zi's Art of war /$fconversations with Tang Taizong; translated by Ooi Kee Ben 210 $aSingapore $cMarshall Cavendish Editions$dc2007 215 $a1 online resource (160 p.) 300 $aDescription based upon print version of record. 311 $a981-261-371-4 327 $aCover; Title; Copyright; Contents; Introduction; Chapter 1: Planning for the State; Chapter 2: Judging the Enemy; Chapter 3: Controlling the Army; Chapter 4: Discussing the General; Chapter 5: Reacting to Changes; Chapter 6: Encouraging The Officers; Introduction; First Book; Second Book; Third Book; Translator's Notes; About the Translator 330 $aConversations with Tang Taizong 606 $aMilitary art and science$zChina 608 $aElectronic books. 615 0$aMilitary art and science 676 $a895.108 700 $aTaizong$b Tang$0984911 701 $aBen$b Ooi Kee$0984912 801 0$bMiAaPQ 801 1$bMiAaPQ 801 2$bMiAaPQ 906 $aBOOK 912 $a9910454158503321 996 $aChinese strategists$92250548 997 $aUNINA LEADER 02399 am 2200649 n 450 001 9910496031503321 005 20210526 010 $a2-251-91438-2 024 7 $a10.4000/books.lesbelleslettres.12523 035 $a(CKB)4100000011960954 035 $a(FrMaCLE)OB-lesbelleslettres-12523 035 $a(oapen)https://directory.doabooks.org/handle/20.500.12854/85681 035 $a(PPN)256383928 035 $a(EXLCZ)994100000011960954 100 $a20210623j|||||||| ||| 0 101 0 $afre 135 $auu||||||m|||| 181 $ctxt$2rdacontent 182 $cc$2rdamedia 183 $acr$2rdacarrier 200 10$aEuripide et les légendes des Chants cypriens $eDes origines de la guerre de Troie à l?Iliade /$fFrançois Jouan 210 $aParis $cLes Belles Lettres$d2021 215 $a1 online resource (516 p.) 225 1 $aÉtudes Anciennes 311 $a2-251-32668-5 330 $aQuand débute l?Iliade, la guerre de Troie dure depuis vingt ans. Le récit en avait été fait dans une épopée en douze chants, les Chants Cypriens, aujourd?hui perdue, mais dont un sommaire tardif permet de restituer la trame. Cet immense trésor légendaire a fourni aux poètes tragiques d?Athènes une grande partie des sujets de leurs drames. Parmi eux, c?est surtout chez Euripide, grâce à ses pièces conservées et à son théâtre perdu, qu?on peut le mieux se représenter sous quelles formes s?est opérée cette transmutation de l?épopée au théâtre, dans une cité qui n?a cessé de connaître elle aussi les horreurs de la guerre. 606 $aClassics 606 $aLiterature 606 $aguerre 606 $amythologie 606 $ahéros 606 $atragédie 606 $aHomère 606 $aépopée 606 $aTroie 610 $aguerre 610 $amythologie 610 $ahéros 610 $atragédie 610 $aHomère 610 $aépopée 610 $aTroie 615 4$aClassics 615 4$aLiterature 615 4$aguerre 615 4$amythologie 615 4$ahéros 615 4$atragédie 615 4$aHomère 615 4$aépopée 615 4$aTroie 700 $aJouan$b François$0384884 801 0$bFR-FrMaCLE 906 $aBOOK 912 $a9910496031503321 996 $aEuripide et les légendes des "Chants cypriens$9860556 997 $aUNINA